| 000 | 00892nam a22002537a 4500 | ||
|---|---|---|---|
| 999 |
_c4497 _d4497 |
||
| 003 | AR-CdUCM | ||
| 008 | 190308b ||||| |||| 00| 0 spa d | ||
| 040 |
_aMUNICIPALIDAD PROVINCIAL DEL CUSCO _cBIBLIOTECA MUNICIPAL DEL CUSCO |
||
| 041 | _hfre | ||
| 082 |
_a869.5591 / _bT81 |
||
| 100 |
_aTristán, Flora _95032 |
||
| 245 | _aPeregrinaciones de una paria / | ||
| 260 |
_aLima : _bEdit. Cultura Antártica, _c1946. |
||
| 300 |
_a2 t. _c23 cm. _eRecorte de periódico. |
||
| 505 | _aTomo primero: A los peruanos-prefacio... -- Tomo segundo :Don Pio de Tristan y su familia-La República y los 3 presidentes... | ||
| 650 |
_aHistoria del Perú _9259 |
||
| 650 |
_aDescripciones _914121 |
||
| 650 |
_aViajes _9856 |
||
| 650 |
_aDocumentos _97186 |
||
| 700 |
_atraducción y notas Emilia Romero _914122 |
||
| 700 |
_aprólogo Jorge Basadre _914123 |
||
| 942 |
_2ddc _cLIBROS |
||
| 945 | _admma | ||